Tax-advantaged investments

This book provides the basics to build a strong working knowledge of investment, taking into account the special conditions of today's market - inflation, tax legislation, interest rates, ...It covers specific areas of potential tax-advantaged investment in real estate, oil, gas, equipment leas...

詳細記述

保存先:
書誌詳細
第一著者: Windish, David F.
フォーマット: 図書
言語:Undetermined
出版事項: New York Prentice-Hall 1983
主題:
タグ: タグ追加
タグなし, このレコードへの初めてのタグを付けませんか!
Thư viện lưu trữ: Trung tâm Học liệu Trường Đại học Cần Thơ
LEADER 00948nam a2200217Ia 4500
001 CTU_42991
008 210402s9999 xx 000 0 und d
082 |a 332.6042 
082 |b W765 
100 |a Windish, David F. 
245 0 |a Tax-advantaged investments 
245 0 |c David F. Windish 
260 |a New York 
260 |b Prentice-Hall 
260 |c 1983 
520 |a This book provides the basics to build a strong working knowledge of investment, taking into account the special conditions of today's market - inflation, tax legislation, interest rates, ...It covers specific areas of potential tax-advantaged investment in real estate, oil, gas, equipment leasing, energy, agriculture, livestock, timber, entertainment, and other industries. 
650 |a Investments,Tax shelters 
650 |x Taxation 
650 |z United States,United States 
904 |i Minh, 010822 
980 |a Trung tâm Học liệu Trường Đại học Cần Thơ